| 000 | 00859cam a2200217 4500 | ||
|---|---|---|---|
| 001 | WS121976 | ||
| 008 | 030414n 000 0 eng u | ||
| 035 | _a(Sirsi) u121976 | ||
| 110 |
_aAntique Booksellers' Association _94431 |
||
| 245 | _aAntique Booksellers' Association | ||
| 520 | _aWeb site for this senior trade body for dealers in rare and fine books and manuscripts in the UK. Includes links to their Code of Good Practice, a list of members, a facility for searching for books and the 'Guide to Booksellers Descriptions of Rare Books'. | ||
| 650 | _aORGANISATION | ||
| 650 | _aBOOKSELLERS | ||
| 650 | _aRARE BOOKS | ||
| 650 | _aMANUSCRIPTS | ||
| 650 | _aBOOK FAIRS | ||
| 650 | _aCODE OF CONDUCT | ||
| 690 |
_aArts and antiques _96217 |
||
| 856 | 4 | 0 |
_uhttps://www.aba.org.uk _zView the website free of charge at www.aba.org.uk... |
| 942 | _n0 | ||
| 999 |
_c120259 _d120259 |
||